| 000 | 00399nam a22001457a 4500 | ||
|---|---|---|---|
| 003 | OSt | ||
| 005 | 20260127073424.0 | ||
| 008 | 260127b |||||||| |||| 00| 0 eng d | ||
| 020 | _a0439669960 | ||
| 040 | _cScholastic, Inc | ||
| 050 | _aD. 804 .48 2004 | ||
| 245 |
_aSurvivors _bTrue stories of children in the Holocaust _cZullo, Allan |
||
| 260 |
_aNew York _bScholastic Inc _c2004 |
||
| 942 |
_2ddc _cBK _n0 |
||
| 999 |
_c9908 _d9908 |
||